书目信息 |
| 题名: |
SSA:用户搜索心理与行为分析
|
|
| 作者: | 罗森费尔德 著 ;汤海 , 蔡复青 译 | |
| 分册: | ||
| 出版信息: | 北京 清华大学出版社 2014 |
|
| 页数: | 10,202页 | |
| 开本: | 23cm | |
| 丛书名: | ||
| 单 册: | ||
| 中图分类: | G254.92 | |
| 科图分类: | ||
| 主题词: | 互联网络--用户--网络检索--研究 , 互联网络 , 用户 , 网络检索 | |
| 电子资源: | ||
| ISBN: | 978-7-302-34229-8 | |
| 000 | 01329nam0 2200301 450 | |
| 001 | 523 | |
| 005 | 20140909172325.42 | |
| 010 | @a978-7-302-34229-8@dCNY59.00 | |
| 100 | @a20140212d2014 em y0chiy50 ea | |
| 101 | 1 | @achi@ceng |
| 102 | @aCN@b110000 | |
| 105 | @aa z 000yy | |
| 106 | @ar | |
| 200 | 1 | @aSSA:用户搜索心理与行为分析@ASSA: Yong Hu Sou Suo Xin Li Yu Xing Wei Fen Xi@dSearch analytics for your site: conversations with your customers@f(美)Louis Rosenfeld著@F( Mei )Louis Rosenfeld Zhu@g汤海,蔡复青译@zeng |
| 210 | @a北京@c清华大学出版社@d2014 | |
| 215 | @a10,202页@c照片,图@d23cm | |
| 330 | @a本书首先通过故事来说明SSA是如何使Vanguard集团起死回生的,简要介绍SSA并指导读者动手实践。其次,通过丰富的实例来介绍很多工具和方法,帮助读者着手分析用户查询数据,从中获得更多见解。最后,介绍一些非常实用的方法,用于改进搜索系统的性能和网站的导航结构、元数据及内容。 | |
| 510 | 1 | @aSearch analytics for your site: conversations with your customers@zeng |
| 606 | 0 | @a互联网络@x用户@x网络检索@x研究 |
| 606 | 0 | @a互联网络 |
| 606 | 0 | @a用户 |
| 606 | 0 | @a网络检索 |
| 690 | @aG254.92@v5 | |
| 701 | 0 | @c(美)@a罗森费尔德@ALuo Sen Fei Er De@c(Rosenfeld, Louis)@4著 |
| 702 | 0 | @a汤海@ATang Hai@4译 |
| 702 | 0 | @a蔡复青@ACai Fu Qing@4译 |
| 801 | 0 | @aCN@bTANGWEI@c20140603 |
| 905 | @b0840683-85@dG254.92@e121@f3 | |
| SSA:用户搜索心理与行为分析=Search analytics for your site: conversations with your customers/(美)Louis Rosenfeld著/汤海,蔡复青译.-北京:清华大学出版社,2014 |
| 10,202页:照片,图;23cm |
| ISBN 978-7-302-34229-8:CNY59.00 |
| 本书首先通过故事来说明SSA是如何使Vanguard集团起死回生的,简要介绍SSA并指导读者动手实践。其次,通过丰富的实例来介绍很多工具和方法,帮助读者着手分析用户查询数据,从中获得更多见解。最后,介绍一些非常实用的方法,用于改进搜索系统的性能和网站的导航结构、元数据及内容。 |
| ● |
| 相关链接 |
|
|
|
|
正题名:SSA:用户搜索心理与行为分析
索取号:G254.92/121
 
预约/预借
| 序号 | 登录号 | 条形码 | 馆藏地/架位号 | 状态 | 备注 |
| 1 | 0840683 | 208406839 | 第一样本阅览室/ [索取号:G254.92/121] | 在馆 | |
| 2 | 0840684 | 208406848 | 第四借阅区/ [索取号:G254.92/121] | 在馆 | |
| 3 | 0840685 | 208406857 | 第四借阅区/ [索取号:G254.92/121] | 在馆 |